000 00411nam a22001697a 4500
005 20160514142307.0
008 160514b xxu||||| |||| 00| 0 eng d
020 _a81-259-1275-4
041 _aeng
082 _b2287
100 _aS. Kalavathy
_9637
245 _aOperations Research
260 _aNew Delhi
_bVikas Publishing House (P) Ltd.
_c2009
300 _a536
650 _aManagement
_9241
942 _cBK
999 _c834
_d834